| 000 | 00894cam a22002891 4500 | ||
|---|---|---|---|
| 001 | sa 67002728 | ||
| 003 | DLC | ||
| 005 | 20260227112332.0 | ||
| 008 | 840119m19649999ii b 000 0 eng | ||
| 010 | _asa 67002728 | ||
| 025 | _aPL480:I-E-7097 | ||
| 035 | _a(OCoLC)10317129 | ||
| 040 |
_aDLC _cMiRochOU _dMiRochOU _dDLC |
||
| 042 | _apremarc | ||
| 043 | _aa-ii--- | ||
| 050 | 0 | 0 |
_aDS461.8 _b.S273 |
| 100 | 1 |
_aSarkar, Jadunath, _cSir, _d1870-1958. |
|
| 245 | 1 | 0 | _aFall of the Mughal Empire. |
| 250 | _a[3d ed.] | ||
| 260 |
_aCalcutta, _bM. C. Sarkar, _c[1964- |
||
| 300 |
_a4 v. _c22 cm. |
||
| 504 | _aBibliography: v. 1, p. [ix]-x; v. 2, p. [399]-[400]; v. 3, p. [326] | ||
| 505 | 0 | _av. 1. 1739-1754.--v. 2. 1754-1771 (Panipat).--v. 3. 1771-1788. --v. 4. 1789-1803. | |
| 651 | 0 |
_aMogul Empire _xHistory. |
|
| 651 | 0 |
_aIndia _xHistory _y18th century. |
|
| 740 | 4 | _aThe Mughal empire. | |
| 999 |
_c73395 _d73395 |
||